00334nam a2200097Ia 4500245002600000100004700026942000700073008004100080999001900121952009600140 0aHaar liefde vir Wolf  a STRAUSS, Frieda Pretoria, 1993 962052 cBK210818s9999 xx 000 0 und d c476697d476696 00104070aSABILbSABILd2021-08-23g140.00l0p33228013235906r2021-08-23w2021-08-23yBK